Internet y tributos

Detalles Bibliográficos
Autor principal: Oliver Cuello, Rafael
Formato: eBook
Lenguaje:español
Publicado: Barcelona : J.M. Bosch Editor, 2012
Materias:
Acceso en línea:http://www.vlex.com/source/7279

MARC

LEADER 00000nam a22000007a 4500
005 20130228155142.0
007 cr|||| ||||
008 130228e2012 sp |||||s|||| 00||0 spa d
020 |a 978-84-940751-8-6 
035 |a 7279 
040 |a vLex 
090 |c 3786  |d 3786 
100 1 0 |a Oliver Cuello, Rafael  
245 1 0 |a Internet y tributos  |h [Recurso electrn̤ico] 
256 |a Servicio en ln̕ea 
260 |a Barcelona :  |b J.M. Bosch Editor,   |c 2012 
300 |a 1 Recurso electrn̤ico 
650 0 4 |a Derecho tributario  |z Espaą 
650 0 4 |a Internet  |z Espaą 
650 0 4 |a Administracin̤ electrn̤ica  |z Espaą 
650 0 4 |a Comercio electrn̤ico  |z Espaą 
740 |a vLex libros (Servicio en ln̕ea) 
856 |a Acceso restringido  |u http://www.vlex.com/source/7279 
942 |c BOOK 
999 0 |a Taxation